| 000 | 00481nam a2200145Ia 4500 | ||
|---|---|---|---|
| 008 | 220217s9999 xx 000 0 und d | ||
| 245 | 0 | _aMethods of testing vulcanized rubber. Part C 1. Determination of surface resistivity of insulating soft vulcanized rubber and ebonite. | |
| 260 | _c1956 | ||
| 500 | _aStandard number: BS 903 Part C 1 | ||
| 650 | _aEbonite | ||
| 650 | _aSoft vulcanized rubber | ||
| 650 | _aSurface resistivity | ||
| 650 | _aVulcanized rubber | ||
| 942 | _cST | ||
| 999 |
_c73207 _d73207 |
||